000
00313nam a22001337a 4500
003
SGT
020
_a
9780367199265
082
_a
759.06
_b
DIN
100
_a
DINUR ERAN
245
_a
THE COMPLETE GUIDE TO PHOTOREALISM FOR VISUAL EFFECTS
260
_a
UK
_b
ROUTLEDGE PUB
_c
2022
300
_a
221
942
_2
ddc
_c
BK
999
_c
34678
_d
34678